000 00429nam a2200157Ia 4500
003 GCL
008 140319s9999 xx 000 0 eng d
040 _aGCL /
_cGCL
082 0 4 _a598.90133
_bH N
100 1 _aHEGAZI,N A
245 1 0 _aNITROGEN FUXATION WRTH NON LEGUMES /
_cHEGAZI,N A
260 _a[S.N] :
_bTHE AMERICAN UNIVERSITY IN CAIRO PRESS ،
_c1994
300 _a599 P
650 0 4 _aNAGUIB MAHFOUZ
942 _2ddc
_cBK
999 _c17051
_d17051